Una Excursión histórica por la comarca de Arturo Prat, del 10 al 17 de abril de 1949

Đã lưu trong:
Chi tiết về thư mục
Tác giả chính: HERNANDEZ CORNEJO, ROBERTO (Tác giả)
Định dạng: Sách
Ngôn ngữ:Tiếng Tây Ban Nha
Được phát hành: Valparaíso Imprenta Victoria 1949
Phiên bản:1a. ed
Những chủ đề:
Các nhãn: Thêm thẻ
Không có thẻ, Là người đầu tiên thẻ bản ghi này!

MARC

LEADER 00000cam a2200000 a 4500
001 UCJ3866
003 CL-VaPUC
008 070124e19490500CL |||||||||||||||||spa|d
082 0 4 |a 983  |b HER  |2 21 
100 |a HERNANDEZ CORNEJO, ROBERTO  |e author  |9 438279 
245 1 4 |a Una Excursión histórica por la comarca de Arturo Prat, del 10 al 17 de abril de 1949 
250 |a 1a. ed 
300 |a 74 p 
942 |c BK 
945 |d 20070124 00:00:00  |a rinostro 
260 |a Valparaíso  |b Imprenta Victoria  |c 1949 
500 |a Numerosas fotografías 
650 0 |a Biografías  |9 255210 
650 0 |a Guerra del Pacífico  |9 314886 
650 0 |a Homenajes  |9 258192 
650 0 |a Iconografía   |9 267998 
650 0 |a Monumentos  |9 265246 
583 |a last modification  |c 20171229 10:25:06  |k Rodrigo Vera 
999 |c 319986  |d 319984 
952 |0 0  |1 0  |4 0  |6 983_000000000000000_HER_1949  |7 0  |8 X  |9 398407  |a FDOBUD  |b FDOBUD  |d 2019-11-22  |i 1009850  |o 983 HER 1949  |p 1009850  |r 2019-11-22  |w 2019-11-22  |y BK_X  |k BUD 
952 |0 0  |1 0  |3 erd  |4 0  |6 983_000000000000000_HER_1949  |7 0  |8 X  |9 398408  |a FDOBUD  |b FDOBUD  |i 5444934  |o 983 HER 1949  |p 5444934  |r 2019-11-22  |w 2019-11-22  |y BK_X  |z Catalogado en:20171230  |k BUD